| 000 | 00359nam a2200121Ia 4500 | ||
|---|---|---|---|
| 008 | 230724s2014 xx und d | ||
| 041 | _aeng | ||
| 082 | _a1.4092 | ||
| 100 | _aBECKER LUCINDA | ||
| 245 | _aPRESENTING YOUR RESEARCH CONFERENCES, SYMPOSIUMS, POSTER PRESENTATION AND BEYOND. | ||
| 260 |
_bSAGE PUBLISHING INC.,AMERICA,U.K _c2014 |
||
| 300 | _a147 | ||
| 999 |
_c1177432 _d1177432 |
||